Le titre est dans les paroles - Renaud - Statistiques

Statistiques générales
  • Ce quiz a été pris 735 fois
  • Le résultat moyen est 9 sur 15
Statistiques - réponses
Chanson Paroles % Correct
Dès que le vent soufflera, dans Morgane de toi, 1983 {Dès} {que} {le} {vent} {soufflera}
Je repartira Dès que les vents tournerontNous nous en allerons
88%
Mistral gagnant, dans Mistral gagnant, 1985 Te raconter, enfin, qu'il faut aimer la vie L'aimer même si le temps est assassin et emporte avec lui Les rires des enfants Et les {Mistral} {Gagnants} Et les {Mistral} {Gagnants}
88%
Toujours debout, dans Renaud, 2016 Toujours vivant, rassurez-vousToujours la banane, {toujours} {debout}
83%
Laisse béton, dans Laisse béton, 1977 Viens faire un tour derrière l'égliseHistoire que je te dévalise A grands coups de ceinturon Moi je lui dis "{laisse} {béton}"
82%
Marche à l'ombre, dans Marche à l'ombre, 1980 Casse toi tu puesEt {marche} {à} {l'ombre}
79%
Manu, dans Le retour de Gérard Lambert, 1981 Eh déconne pas {Manu}, ça sert à rien la haine Une gonzesse de perdue c'est dix copains qui r'viennent
75%
Hexagone, dans Amoureux de Paname, 1975 Être né sous l'signe de l'{hexagone}C'est pas la gloire en vérité Et le roi des cons sur son trône Me dites pas qu'il est portugais
73%
Morgane de toi, dans Morgane de toi, 1983 Tu sais ma mômeQue j'suis {Morgane} {de} {toi}
65%
Dans mon H.L.M., dans Marche à l'ombre, 1980 Au premier, {dans} {mon} {HLM}Y a l'jeune cadre dynamique Costard en alpaga
53%
Société tu m'auras pas, dans Amoureux de Paname, 1975 J'ai chanté dix fois cent foisJ'ai hurlé pendant des mois J'ai crié sur tous les toits Ce que je pensais de toi {Société}, {Société}, {Tu} {m'auras} {pas}
49%
Déserteur, dans Morgane de toi, 1983 Monsieur le président je suis un {déserteur}De ton armée de glands de ton troupeau de branleurs
42%
Où c'est qu'j'ai mis mon flingue ?, dans Marche à l'ombre, 1980 Tant qu'y aura d'la haine dans mes s'ringuesJe ne chanterai que pour les dingues Mais bordel! {Où} {c'est} {qu'j'ai} {mis} {mon} {flingue}?
40%
J'ai embrassé un flic, dans Renaud, 2016 Alors je l'ai approchéEt {j'ai} {embrassé} {un} {flic} {J'ai} {embrassé} {un} {flic} Entre Nation et République
36%
Je suis une bande de jeunes, dans Laisse béton, 1977 {Je} {suis} {une} {bande} {de} {jeunes}À moi tout seul {Je} {suis} {une} {bande} {de} {jeunes} Je me fends la gueule
31%
Petite fille slave, dans Renaud, 2016 {Petite} {fille} {Slave}Petite fille esclave
7%
Aucun quiz correspondant
Distribution des résultats
% des personnes avec chaque résultat
Percentile par nombre de réponses
Votre historique - résultats
Vous n’avez pas pris ce quiz